| 000 | 01023nam0a22002531 4500 | ||
|---|---|---|---|
| 001 | rc\4215515 | ||
| 005 | 20260408072722.0 | ||
| 021 |
_aRU _b[48-14658] |
||
| 035 | _a(NLR Aleph) 008211845 | ||
| 090 |
_a8101385 _c8101385 |
||
| 100 | _a20130415d1948 |||y0rusy50 ca | ||
| 101 | 0 | _arus | |
| 102 | _aRU | ||
| 105 | _ay z ||||| | ||
| 200 | 1 | _aПриказ № 276 по Министерству здравоохранения Украинской ССР 27 апреля 1948 года. [О мероприятиях по улучшению лечебно-профилактического обслуживания населения] | |
| 210 |
_aКиев _cтип. ФЗУ _d[1948] |
||
| 215 |
_a16 с. _d20 |
||
| 606 |
_aЗдравоохранение _yУкраинская ССР _2psbo |
||
| 710 | 0 | 1 |
_aУССР _bМинистерство здравоохранения _3RU\NLR\AUTH\8810062839 _9627233 |
| 801 | 0 |
_aRU _bNLR _gpsbo |
|
| 801 | 1 |
_aRU _bELAR _2rusmarc |
|
| 852 |
_aNLR _jМд96 Г-4/506 |
||
| 942 | _cBOOK | ||
| 980 | _aNB | ||